Encyclopedia of geomorphology /
Guardado en:
| Otros Autores: | |
|---|---|
| Formato: | Libro |
| Idioma: | English |
| Publicado: |
London :
Routledge : International Association of Geomorphologists,
2004.
|
| Materias: | |
| Acceso en línea: | Descripción |
| Etiquetas: |
Agregar Etiqueta
Sin Etiquetas, Sea el primero en etiquetar este registro!
|
| LEADER | 01026cam a22002894a 4500 | ||
|---|---|---|---|
| 001 | EUN.eunm005751 | ||
| 005 | 20150420130847.0 | ||
| 008 | 030430s2004####enkab####be###001#0#eng## | ||
| 010 | |a 2003046892 | ||
| 020 | |a 9780415272988 (o.c.) | ||
| 020 | |a 9780415863001 (v.1) | ||
| 020 | |a 9780415863001 (v.2) | ||
| 040 | |a DLC |c DLC |d YDX |d UKM |d MUQ |d BAKER |d NLGGC |d UBA |d BTCTA |d YDXCP |d TEU |d DLC | ||
| 050 | 0 | 0 | |a GB400.3 |b .E53 2004 |
| 082 | 0 | 4 | |a 551.4 |2 19 |
| 082 | 0 | 0 | |a 551.41/03 |2 21 |
| 084 | |a 38.45 |2 bcl | ||
| 245 | 0 | 0 | |a Encyclopedia of geomorphology / |c edited by A.S. Goudie. |
| 260 | |a London : |b Routledge : |b International Association of Geomorphologists, |c 2004. | ||
| 300 | |a 2 v. (p. xxx, 1156 p.) : |b il., mapas ; |c 26 cm. | ||
| 504 | |a Incluye referencias bibliográficas e índice. | ||
| 505 | 0 | |a v. 1. A-I -- v. 2. J-Z. | |
| 650 | 7 | |a Geología. |2 unbist | |
| 650 | 7 | |a Geomorfología. |2 unbist | |
| 700 | 1 | |a Goudie, Andrew. |4 edt | |
| 856 | 4 | 2 | |3 Descripción |u http://www.loc.gov/catdir/enhancements/fy0650/2003046892-d.html |
